000 00388nam a2200145Ia 4500
008 240729s9999 xx 000 0 und d
022 _a2722-6395
245 0 _aIndonesian Journal of Applied Research
260 _aIndonesia
260 _bUniversitas Djuanda
650 _aScience
856 _uhttps://doaj.org/toc/bf7b44fdb1ff41b1aeb5b3b176ccfedc
942 _2ddc
942 _cDOAJEJ
999 _c74556
_d74556
945 _a1
_bMadushi Gamage
_c1
_dMadushi Gamage